Medio milenio del Nuevo Mundo / (Record no. 106268)

MARC details
000 -LEADER
campo de control de longitud fija 00731nam a2200229 i 4500
001 - NÚMERO DE CONTROL
campo de control 106268
003 - IDENTIFICADOR DE NÚMERO DE CONTROL
campo de control ES-MaACL
005 - FECHA Y HORA DE LA ÚLTIMA TRANSACCIÓN
campo de control 20241023120057.0
007 - CAMPO FIJO DE DESCRIPCIÓN FÍSICA--INFORMACIÓN GENERAL
campo de control de longitud fija t|
008 - DATOS DE LONGITUD FIJA--INFORMACIÓN GENERAL
campo de control de longitud fija 061018s1985 sp ||||1| spa d
080 ## - NÚMERO DE LA CLASIFICACIÓN DECIMAL UNIVERSAL
Número de la Clasificación Decimal Universal 94(7/8)(089.3)
100 1# - ENTRADA PRINCIPAL--NOMBRE DE PERSONA
Nombre de persona Prat, José,
Fechas asociadas al nombre 1905-1994
9 (RLIN) 93665
245 10 - MENCIÓN DEL TÍTULO
Título Medio milenio del Nuevo Mundo /
Mención de responsabilidad, etc. José Prat García.
260 ## - PUBLICACIÓN, DISTRIBUCIÓN, ETC.
Lugar de publicación, distribución, etc. Madrid :
Nombre del editor, distribuidor, etc. Editora Nacional,
Fecha de publicación, distribución, etc. [1985]
300 ## - DESCRIPCIÓN FÍSICA
Extensión 243 p. ;
Dimensiones 22 cm.
490 1# - MENCIÓN DE SERIE
Mención de serie Cultura y sociedad. Ensayo y divulgación
651 #4 - PUNTO DE ACCESO ADICIONAL DE MATERIA--NOMBRE GEOGRÁFICO
Nombre geográfico América-
Subdivisión de forma Misceláneas.
9 (RLIN) 7705
830 0# - PUNTO DE ACCESO ADICIONAL DE SERIE-TÍTULO UNIFORME
Título uniforme Cultura y sociedad. Ensayo y divulgación
9 (RLIN) 182841
852 ## - LOCALIZACIÓN
Ubicación ES-MaACL
Número de control de estantería L-10646
Sublocalización o colección R.108620
852 ## - LOCALIZACIÓN
Ubicación ES-MaACL
Número de control de estantería L-8358
Sublocalización o colección R.108621
Holdings
Estatus retirado Estado de pérdida Estado de daño No para préstamo Biblioteca de origen Biblioteca actual Ubicación en estantería Fecha de adquisición Fuente de adquisición Total de préstamos Signatura topográfica completa Código de barras Visto por última vez Precio de reemplazo Tipo de ítem Koha
        Biblioteca del Ateneo de Madrid Biblioteca del Ateneo de Madrid Depósito 2 17/01/2008     L-8358 1110937 23/02/2023 23/02/2023 Libro impreso
        Biblioteca del Ateneo de Madrid Biblioteca del Ateneo de Madrid Depósito 2 17/01/2008     L-10646 1110936 23/02/2023 23/02/2023 Libro impreso